| 000 | 00772cam a2200265 4500 | ||
|---|---|---|---|
| 008 | 090401t1999 xxu||||| |||| 00| 0 eng d | ||
| 020 | _a1899769722 | ||
| 035 | _a(Sirsi) u92692 | ||
| 041 | _aeng | ||
| 050 |
_a332.6324 _c18 |
||
| 100 | _aDixon, Tim | ||
| 245 | 4 | _aThe dynamics and measurement of commercial property depreciation in the UK. | |
| 260 |
_aReading _bCollege of Estate Management _c1999 |
||
| 300 |
_aviii, 93p. _c30cm. |
||
| 350 | _a35 | ||
| 490 |
_aCollege of Estate Management Research Report _v1999/1 |
||
| 650 | _aPROPERTY-COMMERCIAL PROPERTY | ||
| 650 | _aOFFICES | ||
| 650 | _aPROPERTY INVESTMENT | ||
| 690 | _aPROPERTY-COMMERCIAL PROPERTY | ||
| 700 | _aLaw, Victoria | ||
| 700 | _aCooper, Judith | ||
| 942 | _n0 | ||
| 948 | _c13/04/1999 | ||
| 999 |
_c97770 _d97770 |
||